000 01428nam a2200337 a 4500
001 ebr10369641
003 CaPaEBR
006 m u
007 cr cn|||||||||
008 960423s1996 no sb 001 0 eng d
010 _z 96068424
020 _z0803975104
020 _z0803975112 (pbk.)
020 _z9780803975101
020 _z9780857022813 (e-book)
040 _aCaPaEBR
_cCaPaEBR
035 _a(OCoLC)609911603
050 1 4 _aJX1904.5
_b.G344 1996eb
100 1 _aGaltung, Johan.
245 1 0 _aPeace by peaceful means
_h[electronic resource] :
_bpeace and conflict, development and civilization /
_cJohan Galtung.
260 _aOslo :
_bInternational Peace Research Institute ;
_aLondon ;
_aThousand Oaks, Calif. :
_bSage Publications,
_c1996.
300 _aviii, 280 p.
504 _aIncludes bibliographical references and index.
505 0 _apt. 1. Peace theory -- pt. 2. Conflict theory -- pt. 3. Development theory -- pt. 4. Civilization theory.
533 _aElectronic reproduction.
_bPalo Alto, Calif. :
_cebrary,
_d2013.
_nAvailable via World Wide Web.
_nAccess may be limited to ebrary affiliated libraries.
650 0 _aPeace
_xResearch.
650 0 _aInternational relations.
655 7 _aElectronic books.
_2local
710 2 _aebrary, Inc.
856 4 0 _uhttp://site.ebrary.com/lib/rucke/Doc?id=10369641
_zAn electronic book accessible through the World Wide Web; click to view
999 _c110133
_d110133